Statistics for Random Taylor Swift Song Lyrics

Click here to take the quiz!

General Stats

  • This quiz has been taken 224 times
  • The average score is 124 of 247

Answer Stats

Lyric% Correct
I
97%
a
94%
you
92%
The
90%
the
90%
me
83%
And
76%
and
76%
to
76%
it
71%
do
69%
in
69%
When
67%
when
67%
no
66%
my
65%
of
65%
So
63%
so
63%
you're
61%
was
60%
that
59%
am
57%
I'm
56%
wear
54%
like
53%
don't
50%
all
49%
But
49%
could
49%
there
46%
by
45%
can't
45%
one
45%
think
45%
Now
40%
as
39%
back
39%
very
39%
clean
38%
down
37%
never
37%
that's
36%
thing
36%
Rain
35%
dress
34%
finally
34%
Just
34%
worst
34%
came
33%
any
32%
because
32%
Gone
32%
together
32%
we'd
32%
mean
31%
morning
31%
drought
30%
over
30%
still
30%
breathe
29%
died
29%
flowers
29%
months
29%
pouring
29%
thirst
29%
drowning
28%
trace
28%
forth
27%
grown
27%
nothing
27%
perfect
27%
storm
27%
give
26%
head
26%
left
26%
won't
26%
anymore
25%
lost
25%
miss
25%
sky
25%
gonna
24%
Ten
24%
wine
24%
away
23%
black
23%
heard
23%
Let
23%
room
23%
stained
23%
turned
23%
war
23%
water
23%
hole
22%
sober
22%
loud
21%
roof
21%
whole
21%
admit
20%
must
20%
pictures
20%
screamed
20%
butterflies
19%
covered
19%
dust
19%
flood
19%
hung
19%
punched
19%
carry
18%
filled
18%
lungs
18%
older
18%
risk
18%

Score Distribution

Percentile by Number Answered

Percent of People with Each Score

Your Score History

You have not taken this quiz